| 000 | 00493nam a22001577a 4500 | ||
|---|---|---|---|
| 005 | 20241210152541.0 | ||
| 008 | 241210b |||||||| |||| 00| 0 eng d | ||
| 020 | _a978-0-8014-7960-1 | ||
| 050 |
_aHV91.E38 _bEHR |
||
| 100 | _aEhrenreich, H. John; | ||
| 245 |
_aThe Altruistic Imagination; _bA History of Social Work And Social Policy In The United States; |
||
| 260 |
_aIthaca, New York _bCornell University Press _cc1985 |
||
| 300 | _a271p; | ||
| 500 | _aINCLUDES INDEX | ||
| 942 |
_2lcc _cBK _n0 |
||
| 999 |
_c2040 _d2040 |
||